Một số hạn chế trong luật pháp và chính sách về đào tạo nghề cho phụ nữ, giai đoạn 2000 - 2014 /

Đã lưu trong:
書目詳細資料
主要作者: Nguyễn Đức Tuyến.
格式: Bài viết
語言:Vietnamese
主題:
標簽: 添加標簽
沒有標簽, 成為第一個標記此記錄!
Thư viện lưu trữ: Thư viện Trường Đại học Đà Lạt
LEADER 00915nam a2200277 4500
001 DLU170181655
005 ##20171031
040 # # |a DLU  |b vie 
041 # # |a vie 
044 # # |a vn 
100 # # |a Nguyễn Đức Tuyến. 
245 # # |a Một số hạn chế trong luật pháp và chính sách về đào tạo nghề cho phụ nữ, giai đoạn 2000 - 2014 /  |c Nguyễn Đức Tuyến. 
653 # # |a Bất bình đẳng 
653 # # |a Phụ nữ 
653 # # |a Thai sản 
653 # # |a Tuổi nghỉ hưu 
653 # # |a Văn bản pháp luật 
773 # # |t Tạp chí Khoa học xã hội Thành phố Hồ Chí Minh   |g Số 8(204), 2015, tr. 1-12 
920 # # |a Phòng Tạp chí -- Trung tâm Thông tin - Thư viện Trường Đại học Đà Lạt 
900 # # |a True 
911 # # |a Hoàng Thị Huyền 
925 # # |a G 
926 # # |a A 
927 # # |a BB 
980 # # |a Thư viện Trường Đại học Đà Lạt